| 000 | 00722nam a2200181 i 4500 | ||
|---|---|---|---|
| 001 | 167838 | ||
| 003 | ES-MaACL | ||
| 005 | 20230906213615.0 | ||
| 008 | 991018s1872 be |||| | fre d | ||
| 040 |
_aM-RAF _bspa _cM-RAF _dCCPB | B |
||
| 100 | 1 |
_aWalle, van de. _9133869 |
|
| 245 | 1 | 3 |
_aLa pharmacie en Espagne sous le règne du Roi Amédée 1 / _cpar van de Walle et A. T. de Meyer. |
| 260 |
_aBruxelles : _b[s.n.], _c1872 ( _fImprimerie Combe et Vande Weghe) |
||
| 300 |
_a15 p. ; _c20 cm. |
||
| 650 | 4 |
_aFarmacia- _zEspaña. _9136087 |
|
| 700 | 1 | 0 |
_aMeyer, A. T. de. _9129886 |
| 852 |
_aES-MaACL _jT-414-F-2 _z-- Enc. hol. _z-- Firma de Gustavo Sáenz Diez _q-- Falto de la cub. original _z-- Enc. en un vol. facticio |
||
| 999 |
_c167838 _d167838 |
||